| 000 | 00546nam a2200157 i 4500 | ||
|---|---|---|---|
| 001 | 152136 | ||
| 003 | ES-MaACL | ||
| 005 | 20230906204541.0 | ||
| 008 | 931025s1898 fr |||| | spa d | ||
| 100 | 1 |
_aBiolley, Paul. _9125994 |
|
| 245 | 1 | 0 |
_aElementos de Gramática griega aplicados al estudio de la lengua castellana / _cpor Paul Biolley ... |
| 260 |
_aParis : _b[s.n.], _c1898 ( _fTip. Chamerot et Renonard) |
||
| 300 |
_a114 p. ; _c22 cm. |
||
| 650 | 0 | 4 |
_aLengua griega- _xGramática. _914245 |
| 852 |
_aES-MaACL _jB-4453 _z-- Enc. ed. en tela |
||
| 999 |
_c152136 _d152136 |
||